MLB 2021 Starting Lineups - Statistics

General Stats
  • This quiz has been taken 690 times
  • The average score is 121 of 284
Answer Stats
Team Position Number Player % Correct
Braves 1B 5 Freddie Freeman
84%
Braves RF 13 Ronald Acuña Jr.
82%
Braves 2B 1 Ozzie Albies
79%
Yankees RF 99 Aaron Judge
77%
Diamondbacks CF 4 Ketel Marte
77%
Angels CF 27 Mike Trout
76%
Marlins CF 6 Starling Marte
76%
Dodgers C 16 Will Smith
75%
Braves SS 7 Dansby Swanson
73%
Yankees DH 27 Giancarlo Stanton
73%
Dodgers RF 50 Mookie Betts
73%
Diamondbacks RF 26 Pavin Smith
73%
Astros 2B 27 José Altuve
72%
Dodgers 3B 10 Justin Turner
72%
Phillies RF 3 Bryce Harper
71%
Dodgers P 22 Clayton Kershaw
71%
Nationals SS 7 Trea Turner
71%
Cubs 1B 44 Anthony Rizzo
70%
Cubs SS 9 Javier Báez
70%
Red Sox DH 28 J.D. Martinez
70%
Cubs 3B 17 Kris Bryant
70%
Dodgers SS 5 Corey Seager
69%
Padres SS 23 Fernando Tatís Jr.
69%
Astros SS 1 Carlos Correa
68%
Dodgers CF 35 Cody Bellinger
68%
Yankees P 45 Gerrit Cole
68%
Mariners 3B 15 Kyle Seager
68%
Braves P 54 Max Fried
68%
Red Sox 3B 11 Rafael Devers
68%
Angels DH 17 Shohei Ohtani
68%
Astros 3B 2 Alex Bregman
67%
Braves 3B 27 Austin Riley
67%
Mets SS 12 Francisco Lindor
67%
Padres 3B 13 Manny Machado
67%
White Sox SS 7 Tim Anderson
67%
Red Sox SS 2 Xander Bogaerts
67%
Marlins 3B 15 Brian Anderson
66%
Blue Jays RF 37 Teoscar Hernández
66%
Indians 2B 7 César Hernández
65%
Brewers LF 22 Christian Yelich
65%
Red Sox 2B 5 Enrique Hernandez
65%
White Sox 1B 79 José Abreu
65%
Dodgers 1B 13 Max Muncy
65%
Cardinals 3B 28 Nolan Arenado
65%
Cardinals 1B 46 Paul Goldschmidt
65%
Blue Jays 1B 27 Vladimir Guerrero Jr.
65%
Reds 1B 19 Joey Votto
64%
Royals C 13 Salvador Pérez
64%
Orioles CF 31 Cedric Mullins
63%
Yankees C 24 Gary Sánchez
63%
Nationals RF 22 Juan Soto
63%
Mets 1B 20 Pete Alonso
63%
Athletics 1B 28 Matt Olson
62%
Indians C 55 Roberto Perez
62%
Braves C 16 Travis d'Arnaud
62%
Rockies SS 27 Trevor Story
62%
Nationals 2B 3 Hernán Pérez
61%
Indians 3B 11 José Ramírez
61%
Braves LF 20 Marcell Ozuna
61%
Tigers 1B 24 Miguel Cabrera
61%
Astros 1B 10 Yuli Gurriel
61%
Red Sox LF 99 Alex Verdugo
60%
Angels 3B 6 Anthony Rendon
60%
Yankees SS 25 Gleyber Torres
60%
Phillies C 10 J.T. Realmuto
60%
Athletics 3B 26 Matt Chapman
60%
Nationals P 31 Max Scherzer
60%
Cardinals C 4 Yadier Molina
60%
Dodgers LF 3 Chris Taylor
59%
Mets P 48 Jacob deGrom
59%
Astros DH 44 Yordan Álvarez
59%
Giants SS 35 Brandon Crawford
58%
Blue Jays LF 13 Lourdes Gurriel Jr.
58%
Cubs C 40 Willson Contreras
58%
Diamondbacks 3B 14 Asdrúbal Cabrera
57%
Blue Jays SS 11 Bo Bichette
57%
Rockies 1B 25 C.J. Cron
57%
Mariners SS 3 J.P. Crawford
57%
Royals CF 2 Michael A. Taylor
57%
Astros RF 30 Kyle Tucker
56%
White Sox C 24 Yasmani Grandal
56%
Giants C 28 Buster Posey
55%
Yankees 2B 26 DJ LeMahieu
55%
Phillies P 27 Aaron Nola
54%
Rockies RF 19 Charlie Blackmon
54%
White Sox CF 88 Luis Robert
54%
Astros LF 23 Michael Brantley
54%
Padres P 11 Yu Darvish
54%
Yankees CF 31 Aaron Hicks
53%
Padres 1B 30 Eric Hosmer
53%
Diamondbacks P 40 Madison Bumgarner
53%
Twins CF 25 Byron Buxton
52%
Mets 3B 28 J.D. Davis
52%
Phillies 1B 17 Rhys Hoskins
52%
Royals 2B 15 Whit Merrifield
52%
Pirates 2B 26 Adam Frazier
51%
Twins 3B 20 Josh Donaldson
51%
Blue Jays 2B 10 Marcus Semien
51%
Yankees LF 77 Clint Frazier
50%
Reds RF 2 Nicholas Castellanos
50%
Phillies LF 22 Andrew McCutchen
49%
Brewers RF 24 Avisail Garcia
49%
Reds SS 7 Eugenio Suárez
49%
Mets 2B 6 Jeff McNeil
49%
White Sox LF 28 Leury García
49%
Indians P 57 Shane Bieber
49%
Astros P 21 Zack Greinke
49%
Yankees 3B 29 Gio Urshela
48%
Cubs RF 22 Jason Heyward
48%
Orioles DH 6 Ryan Mountcastle
48%
Orioles 1B 16 Trey Mancini
48%
Giants 1B 9 Brandon Belt
47%
Dodgers 2B 9 Gavin Lux
47%
White Sox P 27 Lucas Giolito
47%
White Sox 3B 10 Yoán Moncada
47%
Brewers P 53 Brandon Woodruff
46%
Blue Jays 3B 8 Cavan Biggio
46%
Cubs CF 8 Ian Happ
46%
Reds LF 33 Jesse Winker
46%
Royals DH 12 Jorge Soler
46%
Marlins P 22 Sandy Alcántara
46%
Mets LF 9 Brandon Nimmo
45%
Pirates LF 10 Bryan Reynolds
45%
Royals 1B 41 Carlos Santana
45%
Diamondbacks 1B 53 Christian Walker
45%
Brewers 2B 16 Kolten Wong
45%
Cubs P 28 Kyle Hendricks
45%
Athletics C 12 Sean Murphy
45%
Rays 2B 8 Brandon Lowe
44%
Indians LF 9 Eddie Rosario
44%
Padres 2B 9 Jake Cronenworth
44%
Rangers RF 13 Joey Gallo
44%
Mets RF 30 Michael Conforto
44%
Rangers 1B 30 Nate Lowe
44%
Mariners C 2 Tom Murphy
44%
Rays SS 1 Willy Adames
44%
Phillies 3B 28 Alec Bohm
43%
Angels 2B 22 David Fletcher
43%
Diamondbacks LF 6 David Peralta
43%
Diamondbacks 2B 5 Eduardo Escobar
43%
Orioles P 47 John Means
43%
Reds P 58 Luis Castillo
43%
Red Sox P 17 Nathan Eovaldi
43%
Angels 1B 5 Albert Pujols
42%
Rangers LF 21 David Dahl
42%
Pirates RF 25 Gregory Polanco
42%
Blue Jays P 99 Hyun-jin Ryu
42%
Reds 2B 6 Jonathan India
42%
Twins 2B 11 Jorge Polanco
42%
Pirates 3B 13 Ke'Bryan Hayes
42%
Brewers CF 6 Lorenzo Cain
42%
Twins 1B 22 Miguel Sanó
42%
Rays RF 56 Randy Arozarena
42%
Nationals 1B 11 Ryan Zimmerman
42%
Marlins RF 14 Adam Duvall
41%
Rockies C 35 Elías Díaz
41%
Rays 3B 2 Yandy Díaz
41%
Red Sox C 7 Christian Vázquez
40%
Giants 3B 10 Evan Longoria
40%
Phillies 2B 2 Jean Segura
40%
Astros C 15 Martin Maldonado
40%
Cardinals SS 11 Paul DeJong
40%
Cardinals 2B 19 Tommy Edman
40%
Royals LF 16 Andrew Benintendi
39%
Red Sox RF 10 Hunter Renfroe
39%
Cardinals P 22 Jack Flaherty
39%
Twins RF 26 Max Kepler
39%
Orioles RF 25 Anthony Santander
38%
Giants RF 5 Mike Yastrzemski
38%
Mariners RF 17 Mitch Haniger
38%
Red Sox 1B 29 Bobby Dalbec
37%
Phillies SS 18 Didi Gregorius
37%
Rockies P 48 German Marquez
37%
Mets C 33 James McCann
37%
Mariners P 7 Marco Gonzales
37%
Rays C 10 Mike Zunino
37%
Rays P 20 Tyler Glasnow
37%
Twins SS 9 Andrelton Simmons
36%
Blue Jays C 9 Danny Jansen
36%
Marlins 2B 2 Jazz Chisholm
36%
Tigers 2B 7 Jonathan Schoop
36%
Diamondbacks SS 10 Josh Rojas
36%
Giants P 34 Kevin Gausman
36%
Rays CF 39 Kevin Kiermaier
36%
Marlins SS 19 Miguel Rojas
36%
Athletics CF 22 Ramón Laureano
36%
Blue Jays DH 44 Rowdy Tellez
36%
Cubs LF 24 Joc Pederson
35%
Reds C 16 Tucker Barnhart
35%
Cardinals LF 27 Tyler O'Neill
35%
Padres RF 5 Wil Myers
35%
Indians DH 32 Franmil Reyes
34%
Angels LF 10 Justin Upton
34%
Tigers RF 22 Victor Reyes
34%
Marlins 1B 24 Jesús Aguilar
33%
Twins C 8 Mitch Garver
33%
Rays LF 17 Austin Meadows
32%
Pirates C 58 Jacob Stallings
32%
Orioles 3B 3 Maikel Franco
32%
Royals SS 8 Nicky Lopez
32%
Rockies LF 15 Raimel Tapia
32%
Tigers SS 9 Willi Castro
32%
Athletics SS 17 Elvis Andrus
31%
Tigers 3B 46 Jeimer Candelario
31%
Nationals 3B 13 Starlin Castro
31%
Padres CF 28 Tommy Pham
31%
Braves CF 14 Cristian Pache
30%
Tigers CF 21 JaCoby Jones
30%
Twins P 18 Kenta Maeda
30%
Brewers SS 2 Luis Urías
30%
Astros CF 3 Myles Straw
30%
Orioles LF 21 Austin Hays
29%
Mets CF 11 Kevin Pillar
29%
Angels C 33 Max Stassi
29%
White Sox 2B 1 Nick Madrigal
29%
Nationals CF 16 Victor Robles
29%
Cardinals CF 3 Dylan Carlson
28%
Royals 3B 17 Hunter Dozier
28%
Rangers SS 9 Isiah Kiner-Falefa
28%
Padres LF 10 Jurickson Profar
28%
Reds 3B 9 Mike Moustakas
28%
Brewers C 10 Omar Narvaez
28%
Mariners DH 23 Ty France
28%
Angels SS 4 José Iglesias
27%
Athletics LF 20 Mark Canha
27%
Red Sox LF 12 Marwin González
27%
Blue Jays CF 15 Randal Grichuk
27%
Orioles C 28 Pedro Severino
26%
Indians SS 0 Andrés Giménez
25%
Orioles 2B 14 Rio Ruiz
25%
Tigers LF 8 Robbie Grossman
25%
White Sox RF 12 Adam Eaton
24%
Royals P 56 Brad Keller
24%
Twins LF 2 Luis Arráez
24%
Giants DH 41 Wilmer Flores
24%
Athletics P 40 Chris Bassitt
23%
Angels P 37 Dylan Bundy
22%
Indians RF 22 Josh Naylor
22%
Angels RF 25 Dexter Fowler
21%
Marlins C 38 Jorge Alfaro
21%
Cardinals RF 26 Justin Williams
21%
Tigers P 48 Matthew Boyd
21%
Cubs 2B 13 David Bote
20%
Athletics 2B 8 Jed Lowrie
20%
Brewers 1B 18 Keston Hiura
20%
Rangers P 44 Kyle Gibson
20%
Pirates 1B 19 Colin Moran
19%
Giants 2B 7 Donovan Solano
19%
Mariners 1B 12 Evan White
19%
Orioles SS 2 Freddy Galvis
19%
Reds CF 15 Nick Senzel
19%
Diamondbacks C 21 Stephen Vogt
19%
Tigers C 40 Wilson Ramos
19%
Marlins LF 23 Corey Dickerson
18%
Rangers DH 41 Eli White
18%
Brewers 3B 21 Travis Shaw
18%
Mariners 2B 25 Dylan Moore
17%
Rockies CF 1 Garrett Hampson
16%
Yankees 1B 30 Jay Bruce
16%
Pirates SS 27 Kevin Newman
15%
Athletics RF 4 Chad Pinder
14%
Athletics DH 18 Mitch Moreland
14%
Rangers 2B 15 Nick Solak
13%
Padres C 17 Victor Caratini
13%
Giants LF 13 Austin Slater
12%
Mariners LF 28 Jake Fraley
11%
Nationals LF 17 Andrew Stevenson
10%
Pirates P 39 Chad Kuhl
10%
Rockies 3B 8 Joshua Fuentes
10%
Giants CF 1 Mauricio Dubón
10%
Rangers 3B 16 Brock Holt
9%
Indians CF 8 Jordan Luplow
9%
Rangers C 23 Jose Trevino
9%
Tigers DH 15 Nomar Mazara
9%
Indians 1B 2 Yu Chang
9%
Phillies CF 40 Adam Haseley
8%
Rangers CF 3 Leody Taveras
8%
Rays 1B 25 Yoshitomo Tsutsugo
8%
White Sox DH 21 Zack Collins
8%
Royals RF 28 Kyle Isbel
7%
Nationals C 28 Jonathan Lucroy
6%
Rockies 2B 12 Chris Owings
5%
Mariners CF 20 Taylor Trammell
5%
Pirates CF 6 Anthony Alford
4%
No matching quizzes found
Score Distribution
Percent of People with Each Score
Percentile by Number Answered
Your Score History
You have not taken this quiz